H.R. 5000--recyclable materials : plastics in the environment : hearing before the Subcommittee on Natural Resources, Agriculture Research, and Environment of the Committee on Science, Space, and Technology, U.S. House of Representatives, One Hundredth Congress, second session, August 10, 1988.

Bibliographic Details
Corporate Authors: United States. Congress. House. Committee on Science, Space, and Technology. Subcommittee on Natural Resources, Agriculture Research, and Environment, ProQuest (Firm)
Format: Government Document eBook
Language:English
Published: Washington : U.S. G.P.O., 1988.
Series:U.S. Congressional Hearings.
Subjects:
Online Access:Connect to the full text of this electronic book

MARC

Tag First Indicator Second Indicator Subfields
LEADER 00000cam a22000001a 4500
001 in00003288317
005 20190404184709.0
006 m d f
007 cr bn mmmapmmp
008 091021s1988 dcu o f000 0 eng d
035 |a cis2007455505 
040 |a UMI  |c UMI  |d UtOrBLW 
043 |a n-us--- 
074 |a 1025-A-1, 1025-A-2 (microfiche) 
086 0 |a Y 4.Sci 2:100/132 
088 |a No. 132 (United States. Congress. House. Committee on Science, Space, and Technology) 
099 |a HRG-1988-SST-0040 
110 1 |a United States.  |b Congress.  |b House.  |b Committee on Science, Space, and Technology.  |b Subcommittee on Natural Resources, Agriculture Research, and Environment. 
245 1 0 |a H.R. 5000--recyclable materials :  |b plastics in the environment : hearing before the Subcommittee on Natural Resources, Agriculture Research, and Environment of the Committee on Science, Space, and Technology, U.S. House of Representatives, One Hundredth Congress, second session, August 10, 1988. 
264 1 |a Washington :  |b U.S. G.P.O.,  |c 1988. 
300 |a 1 online resource. 
336 |a text  |b txt  |2 rdacontent 
337 |a computer  |b c  |2 rdamedia 
338 |a online resource  |b cr  |2 rdacarrier 
500 |a Record is based on bibliographic data in ProQuest Congressional Hearings Digital Collection. Reuse except for individual research requires license from ProQuest, LLC. 
538 |a System requirements: PDF reader software. 
500 |a Electronic resource. 
650 0 |a Recycling (Waste, etc.)  |x Law and legislation  |z United States. 
650 0 |a Plastics  |x Recycling. 
650 0 |a Refuse and refuse disposal  |x Law and legislation  |z United States. 
655 7 |a Electronic books.  |2 local 
710 2 |a ProQuest (Firm) 
776 0 8 |i Print version:  |a United States. Congress. House. Committee on Science, Space, and Technology. Subcommittee on Natural Resources, Agriculture Research, and Environment  |t H.R. 5000--recyclable materials  |w (OCoLC)18946164  |w gp 89007191 
776 0 8 |i Microfiche version:  |a United States. Congress. House. Committee on Science, Space, and Technology. Subcommittee on Natural Resources, Agriculture Research, and Environment  |t H.R. 5000--recyclable materials.  |d [Bethesda, Md.] : ProQuest,[2004]  |o CIS 89 H701-20  |w (ProQuest)cis08901453 
830 0 |a U.S. Congressional Hearings. 
856 4 0 |u http://proxy.library.tamu.edu/login?url=http://congressional.proquest.com/congcomp/getdoc?HEARING-ID=HRG-1988-SST-0040  |z Connect to the full text of this electronic book  |t 0 
998 |a cis08901453 
999 |a MARS 
999 f f |s 60317f09-c603-334f-873a-3652bf15e873  |i c4678711-25fa-33fc-b5ee-c1d78ad0d1ba  |t 0 
952 f f |a Texas A&M University  |b College Station  |c Electronic Resources  |d Available Online  |t 0  |e HRG-1988-SST-0040  |h Other scheme 
998 f f |a HRG-1988-SST-0040  |t 0  |l Available Online